Some aspects of social change in India (Record no. 1352469)

MARC details
000 -LEADER
fixed length control field 00595nam a2200193Ia 4500
005 - DATE AND TIME OF LATEST TRANSACTION
control field 20250508154844.0
008 - FIXED-LENGTH DATA ELEMENTS--GENERAL INFORMATION
fixed length control field 008 250505s9999 xx 000 0 eng d
037 ## - SOURCE OF ACQUISITION
Stock number Books to be hide in OPAC
040 ## - CATALOGING SOURCE
Original cataloging agency FEDL
Language of cataloging eng
Transcribing agency FEDL
041 ## - LANGUAGE CODE
Language code of text/sound track or separate title eng
Source of code eng
084 ## - COLON CLASSIFICATION NUMBER
Classification number 301.240 954, KUP/O
Assigning agency FEDL
100 ## - MAIN ENTRY--PERSONAL NAME
Personal name Kuppuswamy B Ed.
9 (RLIN) 84173
245 #0 - TITLE STATEMENT
Title Some aspects of social change in India
260 ## - PUBLICATION, DISTRIBUTION, ETC.
Place of publication, distribution, etc. Delhi, India
Name of publisher, distributor, etc. Sterling Publishers (P) Ltd.
Date of publication, distribution, etc. 1968
300 ## - PHYSICAL DESCRIPTION
Extent 114p.
700 ## - ADDED ENTRY--PERSONAL NAME
Personal name Mehta Prayag Ed.
9 (RLIN) 766264
942 ## - ADDED ENTRY ELEMENTS (KOHA)
Koha item type Books to be hide in OPAC
Classification part 301.240 954, KUP/O
Holdings
Withdrawn status Lost status Damaged status Not for loan Home library Current library Date acquired Total Checkouts Full call number Barcode Date last seen Price effective from Koha item type
        Department of Education Library Department of Education Library 2025-05-08   301.240 954, KUP/O EL0036773 2025-05-08 2025-05-08 Books to be hide in OPAC
Copyright @ Delhi University Library System